Black-eyed susans : a novel of suspense / Julia Heaberlin.
"As a sixteen-year-old, Tessa Cartwright was found in a Texas field, barely alive amid a scattering of bones, with only fragments of memory as to how she got there. Ever since, the press has pursued her as the lone surviving "Black-Eyed Susan," the nickname given to the murder victims because of the yellow carpet of wildflowers that flourished above their shared grave. Tessa's testimony about those tragic hours put a man on death row. Now, almost two decades later, Tessa is an artist and single mother. In the desolate cold of February, she is shocked to discover a freshly planted patch of black-eyed susans--a summertime bloom--just outside her bedroom window. Terrified at the implications--that she sent the wrong man to prison and the real killer remains at large--Tessa turns to the lawyers working to exonerate the man awaiting execution." -- provided by publisher.
Record details
- ISBN: 9780804177993 (hardcover)
- ISBN: 0804177996 (hardcover)
- Physical Description: 354 pages ; 25 cm
- Edition: First edition.
- Publisher: New York : Ballantine Books, ©2015
Search for related items by subject
| Subject: | Murder victims > Fiction. Serial murders > Fiction. Witnesses > Fiction. |
| Genre: | Suspense fiction. |
Available copies
- 1 of 1 copy available at scottsboropl.
Holds
- 0 current holds with 1 total copy.
Show Only Available Copies
| Location | Call Number / Copy Notes | Barcode | Shelving Location | Status | Due Date |
|---|---|---|---|---|---|
| scottsboropl | F Hae | 32269000960354 | Adult - Fiction | Available | - |
| LDR | 01941nam a2200349 i 4500 | ||
|---|---|---|---|
| 001 | 139882 | ||
| 003 | CONS | ||
| 005 | 20150922082752.0 | ||
| 008 | 150206s2015 nyu 000 1 eng | ||
| 010 | . | ‡a 2015004186 | |
| 020 | . | ‡a9780804177993 (hardcover) | |
| 020 | . | ‡a0804177996 (hardcover) | |
| 035 | . | ‡a(CPomAG)LMN590423 | |
| 042 | . | ‡apcc | |
| 050 | 0 | 0. | ‡aPS3608.E224 ‡bB58 2015 |
| 082 | 0 | 0. | ‡a813/.6 ‡223 |
| 100 | 1 | . | ‡aHeaberlin, Julia. |
| 245 | 1 | 0. | ‡aBlack-eyed susans : ‡ba novel of suspense / ‡cJulia Heaberlin. |
| 250 | . | ‡aFirst edition. | |
| 264 | 1. | ‡aNew York : ‡bBallantine Books, ‡c©2015 | |
| 300 | . | ‡a354 pages ; ‡c25 cm | |
| 336 | . | ‡atext ‡2rdacontent | |
| 337 | . | ‡aunmediated ‡2rdamedia | |
| 338 | . | ‡avolume ‡2rdacarrier | |
| 520 | . | ‡a"As a sixteen-year-old, Tessa Cartwright was found in a Texas field, barely alive amid a scattering of bones, with only fragments of memory as to how she got there. Ever since, the press has pursued her as the lone surviving "Black-Eyed Susan," the nickname given to the murder victims because of the yellow carpet of wildflowers that flourished above their shared grave. Tessa's testimony about those tragic hours put a man on death row. Now, almost two decades later, Tessa is an artist and single mother. In the desolate cold of February, she is shocked to discover a freshly planted patch of black-eyed susans--a summertime bloom--just outside her bedroom window. Terrified at the implications--that she sent the wrong man to prison and the real killer remains at large--Tessa turns to the lawyers working to exonerate the man awaiting execution." -- ‡cprovided by publisher. | |
| 650 | 0. | ‡aMurder victims ‡vFiction. | |
| 650 | 0. | ‡aSerial murders ‡vFiction. | |
| 650 | 0. | ‡aWitnesses ‡vFiction. | |
| 655 | 7. | ‡aSuspense fiction. ‡2gsafd | |
| 914 | . | ‡aSCP_pc | |
| 959 | . | ‡i32269000960354 ‡lF Hae ‡aAdult - Fiction ‡tFiction ‡g26.00 | |
| 852 | . | ‡p32269000960354 ‡jF Hae ‡gAdult - Fiction ‡cFiction ‡y26.00 ‡bSBPL | |
| 901 | . | ‡a139882 ‡bUnknown ‡c139882 ‡tbiblio | |